South Eastern Kenya University

Library Online Public Access Catalogue


Economics / (Record no. 340)

MARC details
000 -LEADER
fixed length control field 00499nam a22001577a 4500
020 ## - INTERNATIONAL STANDARD BOOK NUMBER
International Standard Book Number 139780077129521
050 ## - LIBRARY OF CONGRESS CALL NUMBER
Classification number HB171.5
Item number .E26 2011
245 ## - TITLE STATEMENT
Title Economics/
Statement of responsibility, etc. David, Begg, Gianluig vernasca, Stanley Fischer, and Rudiger Dornbusch
250 ## - EDITION STATEMENT
Edition statement 10th ed.
260 ## - PUBLICATION, DISTRIBUTION, ETC. (IMPRINT)
Place of publication, distribution, etc. Shoppenhanger; Berkshire:
Name of publisher, distributor, etc. McGraw-Hill,
Date of publication, distribution, etc. 2011.
300 ## - PHYSICAL DESCRIPTION
Extent xxiv.716 p.:
500 ## - GENERAL NOTE
General note Includes Index
650 ## - SUBJECT ADDED ENTRY--TOPICAL TERM
Form subdivision Economics
700 ## - ADDED ENTRY--PERSONAL NAME
Personal name Begg, David
-- Gianluigi, Vernasca
-- Fischer, Stanley
-- Dornbusch, Rudiger
942 ## - ADDED ENTRY ELEMENTS (KOHA)
Koha item type General circulation
Holdings
Withdrawn status Lost status Source of classification or shelving scheme Damaged status Not for loan Home library Current library Shelving location Date acquired Total Checkouts Full call number Barcode Date last seen Date last checked out Koha item type Total Renewals Public note Price effective from
    Library of Congress Classification     Main Campus Library Kitui Town Campus Library General Stacks 21/01/2024   HB 171.5 .E21 2020 2024/026465 22/02/2024   General circulation     22/02/2024
    Library of Congress Classification     Main Campus Library Main Campus Library General Stacks 14/05/2014 4 HB 171.5 .E21 2011 2024/026587 29/02/2016 18/02/2016 General circulation      
    Library of Congress Classification     Main Campus Library Main Campus Library General Stacks 14/05/2014 10 HB 171.5 .E21 2011 2019/012376 26/11/2018 21/11/2018 General circulation 1 Jk  
    Library of Congress Classification     School of Law Library School of Law Library General Stacks 21/01/2024   HB 171.5 .E21 2020 2024/026468 22/02/2024   General circulation     22/02/2024
    Library of Congress Classification     School of Law Library School of Law Library General Stacks 21/01/2024   HB 171.5 .E21 2020 2024/026467 22/02/2024   General circulation     22/02/2024
    Library of Congress Classification     School of Law Library School of Law Library General Stacks 21/01/2024   HB 171.5 .E21 2020 2024/026466 22/02/2024   General circulation     22/02/2024
    Library of Congress Classification     School of Law Library School of Law Library General Stacks 21/01/2024   HB 171.5 .E21 2020 2024/026464 22/02/2024   General circulation     22/02/2024
Kitui, Kenya.
+254736116989
library@seku.ac.ke